[Event "Hessenliga 1921"]
[Site "Hessen"]
[Date "2020.01.26"]
[Round "5.7"]
[White "Ortinau, Peter"]
[Black "Huss, Rolf"]
[Result "0-1"]
[WhiteElo "2061"]
[BlackElo "2132"]
[PlyCount "60"]
[EventDate "2019.09.22"]
[EventType "team-tourn"]
[EventRounds "9"]
[EventCountry "GER"]
[SourceTitle "EXT 2024"]
[Source "ChessBase"]
[SourceDate "2023.10.10"]
[SourceVersion "1"]
[SourceVersionDate "2023.10.10"]
[SourceQuality "1"]
[WhiteTeam "Frankfurt TV"]
[BlackTeam "Fulda"]
[WhiteTeamCountry "GER"]
[BlackTeamCountry "GER"]

1. d4 Nf6 2. c4 g6 3. Nc3 d5 4. Nf3 Bg7 5. h4 dxc4 6. e4 c5 7. d5 b5 8. h5 Nxh5 9. Nxb5 Qa5+ 10. Nc3 Bg4 11. Bd2 Nd7 12. Bxc4 0-0 13. Qc2 Bxf3 14. gxf3 Qc7 15. 0-0-0 Rab8 16. Rh4 Rb4 17. Nb5 Bxb2+ 18. Qxb2 Rxc4+ 19. Kb1 Qe5 20. Bc3 Rxc3 21. Qxc3 Rb8 22. Qa5 Qf6 23. Rxh5 a6 24. e5 Qxf3 25. Kc2 Qe4+ 26. Kc3 Rxb5 27. Qd8+ Nf8 28. Rdh1 Qd4+ 29. Kc2 Rb2+ 30. Kc1 Qd2# 0-1

[Event "W-ch Disabled"]
[Site "Dresden"]
[Date "2013.10.27"]
[Round "6"]
[White "Huss, Rolf"]
[Black "Rudolf, Theo"]
[Result "1-0"]
[WhiteElo "2150"]
[BlackElo "1931"]
[PlyCount "81"]
[EventDate "2013.10.22"]
[EventType "swiss"]
[EventRounds "7"]
[EventCountry "GER"]
[SourceTitle "CBM 157 Extra"]
[Source "ChessBase"]
[SourceDate "2013.12.19"]
[SourceVersion "1"]
[SourceVersionDate "2013.12.19"]
[SourceQuality "1"]

1. d4 d5 2. c4 c6 3. Nf3 Nf6 4. Nc3 a6 5. Qc2 dxc4 6. e4 b5 7. e5 Nd5 8. a4 Nxc3 9. bxc3 e6 10. Ng5 Bb7 11. Rb1 h6 12. Ne4 Qc7 13. Be2 Nd7 14. 0-0 Nb6 15. a5 Nd5 16. f4 c5 17. f5 0-0-0 18. fxe6 fxe6 19. Bg4 Qc6 20. Rf7 cxd4 21. cxd4 Nb4 22. Rxb4 Bxb4 23. Nd6+ Bxd6 24. Bf3 Qe8 25. Rxb7 Bb8 26. Ba3 Rxd4 27. Re7 Qg8 28. Qe2 Rd7 29. Qe4 Rxe7 30. Bxe7 Kd7 31. Qb7+ Bc7 32. Bc6+ Kxe7 33. Qxc7+ Kf8 34. Qd8+ Kf7 35. Qd7+ Kg6 36. Be4+ Kg5 37. Qd2+ Kh5 38. Qe2+ Kg5 39. Qe3+ Kh5 40. Qh3+ Kg5 41. Qg3+ 1-0

[Event "Hessenliga 1213"]
[Site "Germany"]
[Date "2012.12.02"]
[Round "4.8"]
[White "Huss, Rolf"]
[Black "Willems, Matthias"]
[Result "1-0"]
[WhiteElo "2150"]
[BlackElo "1998"]
[PlyCount "79"]
[EventDate "2012.09.16"]
[EventType "team-tourn"]
[EventRounds "9"]
[EventCountry "GER"]
[SourceTitle "EXT 2014"]
[Source "ChessBase"]
[SourceDate "2013.11.20"]
[SourceVersion "1"]
[SourceVersionDate "2013.11.20"]
[SourceQuality "1"]
[WhiteTeam "Fulda"]
[BlackTeam "Bad Nauheim"]
[WhiteTeamCountry "GER"]
[BlackTeamCountry "GER"]

1. d4 f5 2. g3 Nf6 3. Bg2 g6 4. Nf3 d6 5. 0-0 Bg7 6. c4 0-0 7. Nc3 Nc6 8. d5 Na5 9. Qd3 e5 10. dxe6 Bxe6 11. b3 Nc6 12. Ng5 Bd7 13. Bb2 h6 14. Nh3 g5 15. Nd5 Be6 16. f4 g4 17. Nf2 Qd7 18. Nxf6+ Bxf6 19. Bxf6 Rxf6 20. e4 Re8 21. Rad1 Qh7 22. Rfe1 Kf8 23. e5 dxe5 24. Nxg4 Rf7 25. Bxc6 bxc6 26. Nxe5 h5 27. Nxf7 Kxf7 28. Kf2 Qg6 29. h4 Qf6 30. Qd4 Qg6 31. Re3 Qf6 32. Qxf6+ Kxf6 33. Rde1 c5 34. Re5 a5 35. Rxc5 a4 36. b4 Re7 37. Rc6 Kf7 38. Re5 a3 39. Ke3 Kf6 40. Kd4 1-0

[Event "Hessenliga 1112"]
[Site "Germany"]
[Date "2012.03.04"]
[Round "7.3"]
[White "Zuyev, Igor"]
[Black "Huss, Rolf"]
[Result "1-0"]
[WhiteElo "2348"]
[BlackElo "2163"]
[PlyCount "51"]
[EventDate "2011.09.25"]
[EventType "team-tourn"]
[EventRounds "9"]
[EventCountry "GER"]
[SourceTitle "EXT 2013"]
[Source "ChessBase"]
[SourceDate "2012.11.22"]
[SourceVersion "1"]
[SourceVersionDate "2012.11.22"]
[SourceQuality "1"]
[WhiteTeam "Heusenstamm"]
[BlackTeam "Fulda"]
[WhiteTeamCountry "GER"]
[BlackTeamCountry "GER"]

1. e4 Nf6 2. e5 Nd5 3. d4 d6 4. c4 Nb6 5. exd6 cxd6 6. Nc3 g6 7. Be3 Bg7 8. Rc1 0-0 9. b3 N6d7 10. Be2 f5 11. Qd2 e5 12. dxe5 dxe5 13. Bg5 Qe8 14. Nd5 Na6 15. h4 Rf7 16. h5 Ndc5 17. hxg6 hxg6 18. Bh6 Ne4 19. Bxg7 Rxg7 20. Qh6 Be6 21. Nf3 Bxd5 22. cxd5 Nac5 23. Rxc5 Nxc5 24. Ng5 Kf8 25. Qh8+ Rg8 26. Qf6+ 1-0

[Event "Arco op 33rd"]
[Site "Arco"]
[Date "2011.10.29"]
[Round "8"]
[White "Huss, Rolf"]
[Black "Kierzek, Mira"]
[Result "1/2-1/2"]
[WhiteElo "2163"]
[BlackElo "2023"]
[PlyCount "84"]
[EventDate "2011.10.22"]
[EventType "swiss"]
[EventRounds "9"]
[EventCountry "ITA"]
[SourceTitle "EXT 2012"]
[Source "ChessBase"]
[SourceDate "2011.11.24"]
[SourceVersion "1"]
[SourceVersionDate "2011.11.24"]
[SourceQuality "1"]

1. d4 d5 2. c4 c6 3. Nf3 Nf6 4. Nc3 e6 5. Bg5 Be7 6. e3 Nbd7 7. Rc1 0-0 8. Bd3 Re8 9. 0-0 dxc4 10. Bxc4 b5 11. Bd3 Bb7 12. e4 a6 13. e5 Nd5 14. Ne4 f6 15. exf6 N5xf6 16. Re1 Rc8 17. Qb3 Nf8 18. Nc5 Bxc5 19. Rxc5 Rc7 20. Bf5 Bc8 21. Bf4 Rf7 22. Ng5 Rfe7 23. Rxc6 Qd5 24. Qxd5 exd5 25. Rxe7 Rxe7 26. Bd3 Re1+ 27. Bf1 Bf5 28. Rc1 Rxc1 29. Bxc1 h6 30. Nf3 Ne6 31. Be3 Nd7 32. Ne1 Bb1 33. a4 bxa4 34. Bxa6 Nb6 35. Bb7 Ba2 36. Nd3 Bc4 37. Nb4 Nd8 38. Ba6 Bxa6 39. Nxa6 Nc6 40. Nc5 Nb4 41. Kf1 Nc2 42. Ke2 a3 1/2-1/2

[Event "Arco op 33rd"]
[Site "Arco"]
[Date "2011.10.24"]
[Round "3"]
[White "Huss, Rolf"]
[Black "Morselli, Stefano"]
[Result "1-0"]
[WhiteElo "2163"]
[BlackElo "1909"]
[PlyCount "69"]
[EventDate "2011.10.22"]
[EventType "swiss"]
[EventRounds "9"]
[EventCountry "ITA"]
[SourceTitle "EXT 2012"]
[Source "ChessBase"]
[SourceDate "2011.11.24"]
[SourceVersion "1"]
[SourceVersionDate "2011.11.24"]
[SourceQuality "1"]

1. d4 Nf6 2. c4 e5 3. dxe5 Ne4 4. Qc2 Bb4+ 5. Nc3 d5 6. cxd5 Qxd5 7. Nf3 Bf5 8. Bd2 Bxc3 9. Bxc3 Ng3 10. e4 Nxh1 11. exf5 Nc6 12. Bd3 Qc5 13. Bd4 Qxc2 14. Bxc2 Nxd4 15. Nxd4 g5 16. Ba4+ c6 17. Ke2 0-0-0 18. Nf3 g4 19. Ng5 Rd7 20. Rxh1 Re8 21. e6 h6 22. Ne4 Rd5 23. Bb3 Re5 24. Ke3 fxe6 25. fxe6 Kc7 26. Rd1 Rd8 27. Rxd8 Kxd8 28. Kf4 Rh5 29. Kxg4 Rxh2 30. g3 Ke7 31. f4 Re2 32. Kf3 Rxb2 33. f5 Rb1 34. f6+ Ke8 35. Nd6+ 1-0

[Event "Nuremberg LGA Cup 8th"]
[Site "Nuremberg"]
[Date "2011.09.08"]
[Round "1"]
[White "Huss, Rolf"]
[Black "Ikonnikov, Vyacheslav"]
[Result "0-1"]
[WhiteElo "2057"]
[BlackElo "2492"]
[PlyCount "68"]
[EventDate "2011.09.08"]
[EventType "swiss"]
[EventRounds "7"]
[EventCountry "GER"]
[SourceTitle "CBM 144 Extra"]
[Source "ChessBase"]
[SourceDate "2011.10.28"]
[SourceVersion "1"]
[SourceVersionDate "2011.10.28"]
[SourceQuality "1"]

1. d4 Nf6 2. c4 e6 3. Nf3 b6 4. g3 Ba6 5. Qa4 Bb7 6. Bg2 c5 7. 0-0 cxd4 8. Rd1 Be7 9. Nxd4 Bxg2 10. Kxg2 Qc8 11. Nc3 Qb7+ 12. f3 a6 13. e4 0-0 14. Be3 d6 15. Rd2 Rc8 16. Qb3 Nbd7 17. Re1 Ne5 18. Nxe6 fxe6 19. c5 dxc5 20. Qxe6+ Nf7 21. Nd5 Nxd5 22. exd5 Bd6 23. Bf4 Qc7 24. Rde2 Rf8 25. Be5 Bxe5 26. Rxe5 Qd6 27. Rf5 Rad8 28. Re2 g6 29. Rf6 Kg7 30. Qxd6 Rxd6 31. Ree6 Rfd8 32. g4 b5 33. h4 Rxe6 34. Rxe6 Rd6 0-1

[Event "Nuremberg LGA Cup 6th"]
[Site "Nuremberg"]
[Date "2009.09.05"]
[Round "5"]
[White "Huss, Rolf"]
[Black "Gutman, Lev"]
[Result "0-1"]
[WhiteElo "2110"]
[BlackElo "2459"]
[PlyCount "64"]
[EventDate "2009.09.03"]
[EventType "swiss"]
[EventRounds "7"]
[EventCountry "GER"]
[SourceTitle "CBM 132 Extra"]
[Source "ChessBase"]
[SourceDate "2009.11.03"]
[SourceVersion "1"]
[SourceVersionDate "2009.11.03"]
[SourceQuality "1"]

1. d4 Nf6 2. c4 g6 3. Nc3 Bg7 4. Nf3 0-0 5. g3 d5 6. Bg2 dxc4 7. 0-0 c6 8. Ne5 Qa5 9. Nxc4 Qb4 10. Qd3 b5 11. Ne5 Bf5 12. e4 Bc8 13. a4 bxa4 14. Rxa4 Qb6 15. Nc4 Qd8 16. Bf4 Nfd7 17. Rfa1 Nc5 18. Qc2 Nxa4 19. Nxa4 Na6 20. Ne5 Nb4 21. Qc5 Bxe5 22. Bxe5 Nd3 23. Qxc6 Bd7 24. Qd5 Bxa4 25. Rxa4 Nxb2 26. Ra6 Nd3 27. Qb5 Nxe5 28. Qxe5 Qb8 29. Qxe7 Re8 30. Qc5 Qb1+ 31. Bf1 Qxe4 32. h4 Rac8 0-1

[Event "Nuremberg LGA Cup 6th"]
[Site "Nuremberg"]
[Date "2009.09.04"]
[Round "2"]
[White "Huss, Rolf"]
[Black "Sroka, Dieter"]
[Result "1-0"]
[WhiteElo "2110"]
[BlackElo "1897"]
[PlyCount "67"]
[EventDate "2009.09.03"]
[EventType "swiss"]
[EventRounds "7"]
[EventCountry "GER"]
[SourceTitle "CBM 132 Extra"]
[Source "ChessBase"]
[SourceDate "2009.11.03"]
[SourceVersion "1"]
[SourceVersionDate "2009.11.03"]
[SourceQuality "1"]

1. d4 Nf6 2. c4 e6 3. Nf3 d5 4. Nc3 Be7 5. Bg5 0-0 6. e3 h6 7. Bh4 c6 8. Rc1 Nbd7 9. a3 Ne4 10. Bxe7 Nxc3 11. Qc2 Qxe7 12. Qxc3 Re8 13. cxd5 exd5 14. Bd3 Nf8 15. 0-0 Be6 16. Rfe1 Qd6 17. b4 a6 18. Qc5 Red8 19. a4 Qb8 20. b5 Nd7 21. Qb4 cxb5 22. axb5 a5 23. Qb2 Qd6 24. Rc2 Nb6 25. Nd2 Rdc8 26. Rec1 Rxc2 27. Rxc2 Rc8 28. Qc1 Rxc2 29. Qxc2 Qb4 30. Qc7 Nd7 31. Nf3 a4 32. h3 a3 33. Qxb7 a2 34. Qc8+ 1-0

[Event "Nuremberg LGA Cup 5th"]
[Site "Nuremberg"]
[Date "2008.09.05"]
[Round "2"]
[White "Huss, Rolf"]
[Black "Zude, Erik"]
[Result "0-1"]
[WhiteElo "2131"]
[BlackElo "2397"]
[PlyCount "80"]
[EventDate "2008.09.04"]
[EventType "swiss"]
[EventRounds "7"]
[EventCountry "GER"]
[SourceTitle "CBM 126 Extra"]
[Source "ChessBase"]
[SourceDate "2008.11.05"]
[SourceVersion "1"]
[SourceVersionDate "2008.11.05"]
[SourceQuality "1"]

1. d4 d5 2. c4 dxc4 3. e4 e5 4. Nf3 exd4 5. Bxc4 Nc6 6. 0-0 Be6 7. Bxe6 fxe6 8. Qb3 Qd7 9. Qxb7 Rb8 10. Qa6 Nf6 11. Nbd2 Bd6 12. e5 Nxe5 13. Nxe5 Bxe5 14. Nf3 Bd6 15. Qxa7 c5 16. Qa6 0-0 17. Re1 e5 18. Nxe5 Bxe5 19. Rxe5 Ng4 20. Qe6+ Qxe6 21. Rxe6 Nxf2 22. b3 Nd3 23. Re2 Rbe8 24. Rxe8 Rxe8 25. Bd2 Re2 26. Ba5 Kf7 27. a4 Ke6 28. Rd1 Nf4 29. Kf1 Ra2 30. Bd2 Nd3 31. Ke2 Ne5 32. Rc1 Kd5 33. a5 c4 34. bxc4+ Nxc4 35. Rd1 Nxa5 36. Kf3 Nc4 37. Bc3 Ne5+ 38. Kf4 Nc6 39. Bd2 Ra3 40. g4 Rd3 0-1

[Event "Rhein Main op 09th"]
[Site "Bad Homburg"]
[Date "2006.06.18"]
[Round "6.18"]
[White "Huss, Rolf"]
[Black "Diez, Gerhard"]
[Result "1-0"]
[WhiteElo "2112"]
[BlackElo "2014"]
[PlyCount "57"]
[EventDate "2006.06.14"]
[EventType "swiss"]
[EventRounds "7"]
[EventCountry "GER"]
[SourceTitle "EXT 2007"]
[Source "ChessBase"]
[SourceDate "2006.11.23"]
[SourceVersion "1"]
[SourceVersionDate "2006.11.23"]
[SourceQuality "1"]

1. d4 Nf6 2. c4 e6 3. Nf3 b6 4. g3 Bb7 5. Bg2 Be7 6. 0-0 0-0 7. Nc3 Ne4 8. Qc2 Nxc3 9. Qxc3 Be4 10. Bf4 d6 11. Qe3 Bb7 12. Qd3 g6 13. h4 c5 14. Bh6 Re8 15. Ng5 Bxg2 16. Kxg2 Bf6 17. Qf3 Nd7 18. Rad1 cxd4 19. Rxd4 Ne5 20. Qf4 Qe7 21. Ne4 Bh8 22. Bg5 Qb7 23. f3 f5 24. Nxd6 Qc6 25. Nxe8 Rxe8 26. Rfd1 Nf7 27. Rd7 Be5 28. Qd2 Qxc4 29. Rxf7 1-0

[Event "Oberliga Ost-B 0506"]
[Site "Germany"]
[Date "2006.04.01"]
[Round "10.5"]
[White "Huss, Rolf"]
[Black "Wohlfart, Paulus"]
[Result "0-1"]
[WhiteElo "2110"]
[BlackElo "2238"]
[PlyCount "70"]
[EventDate "2005.11.13"]
[EventType "team-tourn"]
[EventRounds "11"]
[EventCountry "GER"]
[SourceTitle "EXT 2007"]
[Source "ChessBase"]
[SourceDate "2006.11.23"]
[SourceVersion "1"]
[SourceVersionDate "2006.11.23"]
[SourceQuality "1"]
[WhiteTeam "Hungen Lich"]
[BlackTeam "Moerlenbach"]
[WhiteTeamCountry "GER"]
[BlackTeamCountry "GER"]

1. d4 f5 2. g3 Nf6 3. Bg2 g6 4. c4 Bg7 5. Nc3 0-0 6. Nf3 d6 7. 0-0 c6 8. Re1 Na6 9. e4 fxe4 10. Nxe4 Nxe4 11. Rxe4 Bf5 12. Rh4 e5 13. Bg5 Qc7 14. c5 e4 15. cxd6 Qxd6 16. Ne5 Nc5 17. dxc5 Qxe5 18. Qb3+ Rf7 19. Re1 Qxb2 20. Qxb2 Bxb2 21. Bxe4 Re8 22. Rb1 Bf6 23. Bxf6 Bxe4 24. Re1 Rxf6 25. Rhxe4 Rxe4 26. Rxe4 Rf7 27. f4 Rc7 28. Kf2 Kf7 29. g4 b5 30. h4 Rd7 31. Ke3 Rd5 32. Re5 Rxe5+ 33. fxe5 Ke6 34. Ke4 b4 35. Kd4 a5 0-1

[Event "Rhein Main op 08th"]
[Site "Bad Homburg"]
[Date "2005.05.30"]
[Round "7"]
[White "Ochmann, Reimund"]
[Black "Huss, Rolf"]
[Result "0-1"]
[WhiteElo "1952"]
[BlackElo "2136"]
[PlyCount "66"]
[EventDate "2005.05.25"]
[EventType "swiss"]
[EventRounds "7"]
[EventCountry "GER"]
[SourceTitle "EXT 2006"]
[Source "ChessBase"]
[SourceDate "2005.11.24"]
[SourceVersion "1"]
[SourceVersionDate "2005.11.24"]
[SourceQuality "1"]

1. e4 Nf6 2. e5 Nd5 3. d4 d6 4. Nf3 g6 5. Bc4 c6 6. Nc3 Nxc3 7. bxc3 Bg7 8. exd6 Qxd6 9. 0-0 0-0 10. a4 Bg4 11. Re1 Qf6 12. Be2 Bxf3 13. Bxf3 Nd7 14. Rb1 Rab8 15. Bg4 Rfd8 16. Ba3 e5 17. Qc1 Qh4 18. h3 f5 19. Be2 Nb6 20. Bc5 Nxa4 21. Bxa7 Nxc3 22. g3 Qxh3 23. Bf1 Qg4 24. Bxb8 Rxb8 25. Rb3 Qxd4 26. Qb2 e4 27. Qa3 Bf8 28. Qb2 Bc5 29. Re3 Nd5 30. Qa2 Kg7 31. c3 Qe5 32. Re1 Qxg3+ 33. Kh1 Bxf2 0-1

[Event "Rhein Main op 08th"]
[Site "Bad Homburg"]
[Date "2005.05.26"]
[Round "3"]
[White "Winand, Edgar"]
[Black "Huss, Rolf"]
[Result "0-1"]
[WhiteElo "1828"]
[BlackElo "2136"]
[PlyCount "84"]
[EventDate "2005.05.25"]
[EventType "swiss"]
[EventRounds "7"]
[EventCountry "GER"]
[SourceTitle "EXT 2006"]
[Source "ChessBase"]
[SourceDate "2005.11.24"]
[SourceVersion "1"]
[SourceVersionDate "2005.11.24"]
[SourceQuality "1"]

1. Nf3 g6 2. d4 f5 3. e3 Nf6 4. Nbd2 Bg7 5. b3 b6 6. Bd3 Bb7 7. Qe2 Ne4 8. Bb2 e6 9. 0-0 0-0 10. c4 Qe7 11. Rac1 a5 12. a3 d6 13. Rfd1 Nd7 14. Ne1 Ndc5 15. Nxe4 fxe4 16. dxc5 exd3 17. Nxd3 bxc5 18. Bxg7 Qxg7 19. f3 g5 20. Rf1 h5 21. f4 Qg6 22. fxg5 e5 23. h4 Qe4 24. Rxf8+ Rxf8 25. Ne1 Qxh4 26. Nf3 Bxf3 27. gxf3 Qg3+ 28. Qg2 Rxf3 29. Qxg3 Rxg3+ 30. Kf2 Rxg5 31. Rh1 Kg7 32. Kf3 Kg6 33. Ke4 Rg3 34. Kd5 Rxe3 35. Ke6 Rxb3 36. Rg1+ Kh6 37. Kf5 Rf3+ 38. Ke4 Rf4+ 39. Kd5 Rd4+ 40. Kc6 Rxc4 41. Kxc7 Rd4 42. Kc6 h4 0-1

[Event "Hessenliga 0405"]
[Site "Germany"]
[Date "2005.04.10"]
[Round "8.5"]
[White "Nikel, Alfred"]
[Black "Huss, Rolf"]
[Result "1-0"]
[WhiteElo "2119"]
[BlackElo "2150"]
[PlyCount "55"]
[EventDate "2004.09.26"]
[EventType "team"]
[EventRounds "9"]
[EventCountry "GER"]
[SourceTitle "EXT 2006"]
[Source "ChessBase"]
[SourceDate "2005.11.24"]
[SourceVersion "1"]
[SourceVersionDate "2005.11.24"]
[SourceQuality "1"]
[WhiteTeam "Limburg"]
[BlackTeam "Fulda"]
[WhiteTeamCountry "GER"]
[BlackTeamCountry "GER"]

1. e4 Nf6 2. e5 Nd5 3. d4 d6 4. c4 Nb6 5. f4 dxe5 6. fxe5 Nc6 7. Be3 Bf5 8. Nc3 e6 9. Nf3 Be7 10. Bd3 Bxd3 11. Qxd3 0-0 12. 0-0 f6 13. exf6 gxf6 14. Rad1 Qd7 15. b3 Rad8 16. Qe2 Bb4 17. Ne4 Qe7 18. Bf2 Rd7 19. Rd3 Kh8 20. Bh4 Qg7 21. Ng3 f5 22. Qxe6 Rd6 23. Qe2 Rxd4 24. Nxd4 Nxd4 25. Qd1 Bc5 26. Kh1 a5 27. Nh5 Qe5 28. Re1 1-0

[Event "Hessen-ch MVT"]
[Site "Offenbach"]
[Date "2005.04.01"]
[Round "7"]
[White "Fritsch, Marcus"]
[Black "Huss, Rolf"]
[Result "1-0"]
[WhiteElo "2036"]
[BlackElo "2146"]
[PlyCount "81"]
[EventDate "2005.03.28"]
[EventType "swiss"]
[EventRounds "9"]
[EventCountry "GER"]
[SourceTitle "EXT 2006"]
[Source "ChessBase"]
[SourceDate "2005.11.24"]
[SourceVersion "1"]
[SourceVersionDate "2005.11.24"]
[SourceQuality "1"]

1. Nf3 g6 2. g3 Bg7 3. Bg2 d6 4. e4 c5 5. d3 Nc6 6. Nbd2 Rb8 7. a4 Nf6 8. 0-0 0-0 9. Nc4 Qc7 10. Nh4 b6 11. f4 a6 12. Ne3 b5 13. axb5 axb5 14. g4 Bb7 15. g5 Nd7 16. Ng4 b4 17. Nf3 Ra8 18. Rxa8 Rxa8 19. Nh6+ Kf8 20. f5 Nd4 21. Nh4 Ra1 22. Kh1 Bxh6 23. gxh6 Kg8 24. fxg6 hxg6 25. c3 Nc6 26. h7+ Kxh7 27. Rxf7+ Kg8 28. Rf1 Nce5 29. d4 cxd4 30. cxd4 Ba6 31. Qb3+ Bc4 32. Qc2 Nd3 33. b3 Nb6 34. bxc4 Qxc4 35. Qxc4+ Nxc4 36. Bg5 Ra2 37. e5 e6 38. exd6 Nxd6 39. Rb1 Nf2+ 40. Kg1 Ng4 41. h3 1-0

[Event "Hessen-ch MVT"]
[Site "Offenbach"]
[Date "2005.03.30"]
[Round "4"]
[White "Huss, Rolf"]
[Black "Karsten, Heinrich"]
[Result "1-0"]
[WhiteElo "2146"]
[BlackElo "2030"]
[PlyCount "49"]
[EventDate "2005.03.28"]
[EventType "swiss"]
[EventRounds "9"]
[EventCountry "GER"]
[SourceTitle "EXT 2006"]
[Source "ChessBase"]
[SourceDate "2005.11.24"]
[SourceVersion "1"]
[SourceVersionDate "2005.11.24"]
[SourceQuality "1"]

1. d4 Nf6 2. c4 g6 3. Nf3 Bg7 4. g3 d5 5. Bg2 0-0 6. 0-0 c6 7. cxd5 cxd5 8. Ne5 e6 9. Nc3 Nbd7 10. Bg5 Qb6 11. Qd2 Nxe5 12. dxe5 Ng4 13. e4 dxe4 14. Nxe4 Nxe5 15. Nf6+ Kh8 16. Rad1 Nc6 17. Qf4 e5 18. Qh4 h5 19. Nxh5 gxh5 20. Qxh5+ Kg8 21. Be4 Re8 22. Qh7+ Kf8 23. Bh6 Bxh6 24. Qxh6+ Ke7 25. Qd6# 1-0